Loading...

Interfacing /

Bibliographic Details
Main Author: Katyal, Anjum
Other Authors: Mazumdar, Chittrovanu
Format: Printed Book
Language:English
Published: Calcutta : Seagull Books, c1986.
Subjects:
LEADER 00588 a2200181 4500
008 150103s9999 000 0 eng
020 |a 8170460441 : 
082 |a 821  
100 1 |a Katyal, Anjum. 
245 1 0 |a Interfacing / 
260 |a Calcutta :  |b Seagull Books,  |c c1986. 
300 |a 51 p.  
650 |a English poetry. 
653 |a Indian writings in English. 
700 1 |a Mazumdar, Chittrovanu. 
942 |c BK 
999 |c 301991  |d 301991 
952 |0 0  |1 0  |2 ddc  |4 0  |6 IN_821_000000000000000_KAT_IN  |7 0  |9 345350  |a DRA  |b DRA  |c ST1  |d 2010-09-24  |i 5272  |l 0  |o IN 821 KAT/IN  |p DRA5272  |r 2019-01-03  |w 2019-01-03  |y BK